| 000 | 00501nam a2200157Ia 4500 | ||
|---|---|---|---|
| 003 | GCL | ||
| 008 | 140319s9999 xx 000 0 ara d | ||
| 040 |
_aGCL / _cGCL |
||
| 082 | 0 | 4 |
_a648 _bل ك |
| 100 | 1 | _aلينارضا فنير | |
| 245 | 1 | 0 |
_aكيف تعتنين بمنزلك: الى ربات البيوت للمتزوجات فقط / _cلينارضا فنير |
| 490 |
_aموسوعة عالم المراة _v0 |
||
| 650 | 0 | 4 | _aالمرأة |
| 650 | 0 | 4 | _aالمنزل - رعاية |
| 942 |
_2ddc _cBK |
||
| 999 |
_c46513 _d46513 |
||